1531 1933 1428 1529 1280 1962 1076 1513 1596 1201 1392 1881 1198 1843 1873 1396 1417 1372 1907 1499 1787 1468 1330 1441 1610 1441 1262 1996 1321 1098 1141 1598 1823 1403 1871 1916 1363 1521 1365 1618 1605 1977 1381 1328 1811 1897 1921 1510 1465 1473 1816 1994 1772 1871 1476 1112 1548 1950 1061 1631 1704 1824 1021 1368 1246 1822 1229 1239 1329 1139 1599 1887 1341 1076 1113 1274 1235 1443 1430 1744 1652 1738 1381 1883 1087 1516 1273 1834 1239 1016 1618 1170 1387 1109 1424 1493 1419 1958 1207 BCNSPRNW ULIB Ver.6.0+V

เปลี่ยนเป็นภาษาไทย

Change to English
 แสดงรายละเอียดบรรณานุกรม
  กลับหน้าหลัก

Brief Record : Get Marc (ISO 2709) : E-mail record : QR code < ปิดหน้าต่าง
LEADER : 00000nam 2200000uu 4500
001    13399115086
003     ULIB
008    120709s2550||||th 000 0 tha d
020    ^a9748123413
060 04 ^aW13^bว335ศ 2550
245 00 ^aศัพท์วิทยาศาสตร์ทางการแพทย์และสาธารณสุขฉบับประยุกต์ เล่ม 1 /
250    ^aพิมพ์ครั้งที่ 1
260    ^aกรุงเทพฯ :^b2550
500    ^aSend to Single Search
650  4 ^aการแพทย์^xศัพท์บัญญัติ
650  4 ^aแพทยศาสตร์^xศัพท์บัญญัติ
650  4 ^aพจนานุกรมศัพท์แพทย์
945    ^p0^l0^i14770
995    ^aัณชพร
999 ^a ใช้งานได้ทุกระบบ
รายการนี้ยังไม่มีแท็ก
คุณยังไม่ได้ล็อกอิน คุณสามารถมีกิจกรรมร่วมกับเว็บไซต์ได้ แต่ต้องล็อกอินก่อน ::
  ล็อกอิน

รายการสื่อสารสนเทศ

ลำดับที่ ประเภท เลขเรียก/บาร์โค้ด สถานที่ สถานะ
- ไม่พบข้อมูล -

รายการใกล้เคียง
    หัวเรื่อง [พจนานุกรมศัพท์แพทย์]

BibComment


ยังไม่เคยถูกคอมเมนท์

คอมเมนท์ทรัพยากรรายการนี้
  คอมเมนท์: ศัพท์วิทยาศาสตร์..


 Copyright 2026. Bcnsprnw @Library